000 00611nam a2200229Ia 4500
003 OSt
005 20221005115149.0
006 a|||||r|||| 00| 0
007 ta
008 221004b |||||||| |||| 00| 0 eng d
024 _a66552
037 _cTextual
040 _aCRL
_cCRL
_beng
041 _2eng
_aeng
082 _aV52:1:N5, K2-;1-;2
100 _aDeakin F W
_9510042
245 0 _aBrutal frienship
_b Mussolini, Hitler and the fall of Italian Fascism.
260 _c1962
650 _aHISTORY
942 _hV52:1:N5, K2-;1-;2
_cTEXL
_2cc
999 _c1033620
_d1033620